[Event "Budapest HUN"]
[Site "?"]
[Date "2006.06.12"]
[Round "9"]
[White "Gonda Laszlo"]
[Black "Kosic Dragan"]
[Result "1/2-1/2"]
[WhiteElo "2465"]
[BlackElo "2482"]
[PlyCount "59"]
[EventDate "2006.??.??"]
[Source "www.chesslib.no"]
[SourceDate "2004.05.04"]

1. d4 e6 2. c4 Bb4+ 3. Nc3 c5 4. e3 Nf6 5. a3 Bxc3+ 6. bxc3 d6 7. Bd3 Nc6 8. Ne2 e5 9. e4 h6 10. d5 Ne7 11. f3 Ng6 12. h4 Nh5 13. g4 Nhf4 14. h5 Nxd3+ 15. Qxd3 Nf8 16. Ng3 Nh7 17. a4 Ng5 18. a5 Rb8 19. Kf2 f6 20. Bd2 O-O 21. Rhb1 Rf7 22. Rb2 Re7 23. Nf1 Rc7 24. Kg3 Nf7 25. Ne3 Bd7 26. Nc2 Qe8 27. Na3 Qd8 28. Nb5 Bxb5 29. cxb5 Re7 30. c4 1/2-1/2

[Event "Azov"]
[Site "Azov"]
[Date "1995.??.??"]
[Round "9"]
[White "Ryskin, Alexander"]
[Black "Pushkov, Nikolai"]
[Result "0-1"]
[WhiteElo "2440"]
[BlackElo "2505"]
[PlyCount "68"]
[EventDate "1995.??.??"]
[Source "ChessBase"]

1. d4 Nf6 2. c4 e6 3. Nc3 Bb4 4. e3 c5 5. a3 Bxc3+ 6. bxc3 d6 7. Bd3 Nc6 8. Ne2 e5 9. e4 h6 10. d5 Ne7 11. h4 Nh5 12. Ng3 Nxg3 13. fxg3 Ng8 14. g4 Nf6 15. g5 hxg5 16. Bxg5 Qa5 17. Kd2 Ng4 18. Qb3 f6 19. Be3 Nxe3 20. Kxe3 O-O 21. Raf1 Bg4 22. Rf2 Rab8 23. a4 a6 24. Rb1 b5 25. axb5 axb5 26. Ra2 Qc7 27. Ra6 b4 28. Qa4 f5 29. exf5 e4 30. Be2 Bxe2 31. Kxe2 bxc3 32. Rxb8 Qxb8 33. Qc2 Qe8 34. Ra1 Qh5+ 0-1

[Event "Mind Sports Games - Blitz Ind w"]
[Site "Pechino CINA"]
[Date "2008.10.04"]
[Round "2"]
[White "Li Ruofan"]
[Black "Zhao Xue"]
[Result "1-0"]
[WhiteElo "2426"]
[BlackElo "2518"]
[PlyCount "64"]
[EventDate "2008.10.04"]
[Source "www.chesslib.no"]
[SourceDate "2004.05.04"]

1. d4 Nf6 2. c4 e6 3. Nc3 Bb4 4. e3 d5 5. a3 Bxc3+ 6. bxc3 c5 7. cxd5 Nxd5 8. Bd2 Nf6 9. Nf3 O-O 10. Bd3 Nc6 11. O-O b6 12. Qe2 Bb7 13. Rfd1 Re8 14. Ba6 Bxa6 15. Qxa6 Na5 16. Ne5 Qc8 17. Qe2 Qc7 18. Rab1 Rac8 19. e4 cxd4 20. cxd4 Nc6 21. Bf4 Qe7 22. Bg5 Qxa3 23. Bxf6 gxf6 24. Ng4 Kg7 25. Rd3 Qe7 26. Qd2 Kh8 27. Rh3 f5 28. Rxh7+ Kxh7 29. Qh6+ Kg8 30. Qf6 fxe4 31. Rb3 Red8 32. Rg3 Kf8 1-0

[Event "FRA-chT N2 Ouest"]
[Site "FRA"]
[Date "2003.01.18"]
[Round "5"]
[White "Moskalenko, Viktor"]
[Black "Bagheri, Amir"]
[Result "0-1"]
[WhiteElo "2510"]
[BlackElo "2431"]
[PlyCount "72"]
[EventDate "2003.10.13"]
[Source "Roberto Alvarez"]
[SourceDate "2003.07.07"]

1. d4 Nf6 2. c4 e6 3. Nc3 Bb4 4. e3 c5 5. a3 Bxc3+ 6. bxc3 Nc6 7. Bd3 e5 8. Ne2 d6 9. O-O e4 10. Bb1 O-O 11. Ng3 Bg4 12. f3 exf3 13. gxf3 Bh3 14. Rf2 Na5 15. Bf5 Bxf5 16. Nxf5 g6 17. Nh6+ Kg7 18. e4 Ng8 19. Nxg8 Kxg8 20. Bh6 Re8 21. Qd3 Qh4 22. Be3 Rac8 23. Rg2 cxd4 24. Bg5 Qh5 25. cxd4 Rxc4 26. d5 Rc5 27. Be3 Rcc8 28. Bd4 Nc4 29. f4 b5 30. Rf1 Nb6 31. Ba1 Rc4 32. e5 dxe5 33. fxe5 Rg4 34. Rg3 Rxg3+ 35. hxg3 Qg4 36. d6 Qd7 0-1

[Event "Budapest HUN"]
[Site "?"]
[Date "2006.06.08"]
[Round "5"]
[White "Gonda Laszlo"]
[Black "Kovacs Gabor"]
[Result "1/2-1/2"]
[WhiteElo "2465"]
[BlackElo "2456"]
[PlyCount "37"]
[EventDate "2006.??.??"]
[Source "www.chesslib.no"]
[SourceDate "2004.05.04"]

1. d4 Nf6 2. c4 e6 3. Nc3 Bb4 4. e3 c5 5. a3 Bxc3+ 6. bxc3 Nc6 7. Bd3 d6 8. Ne2 e5 9. e4 h6 10. O-O O-O 11. d5 Ne7 12. f3 Ng6 13. Be3 Nh7 14. Qd2 Qh4 15. g3 Qe7 16. g4 Ng5 17. Kh1 Nh3 18. Ng3 Ngf4 19. Rfb1 1/2-1/2

[Event "Granma zt"]
[Site "Granma"]
[Date "1987.??.??"]
[Round "?"]
[White "Arencibia, Walter"]
[Black "Garcia Gonzales, Guillermo"]
[Result "1-0"]
[WhiteElo "2420"]
[BlackElo "2495"]
[PlyCount "60"]
[EventDate "1987.??.??"]
[Source "ChessBase"]

1. d4 Nf6 2. c4 e6 3. Nc3 Bb4 4. e3 c5 5. a3 Bxc3+ 6. bxc3 Nc6 7. Bd3 d6 8. Ne2 e5 9. e4 cxd4 10. cxd4 Nd7 11. O-O O-O 12. Bb2 b6 13. Rc1 Ba6 14. f4 Rc8 15. Rf3 Na5 16. c5 Bxd3 17. Rxd3 exd4 18. Nxd4 Nxc5 19. Nf5 f6 20. Rg3 Rc7 21. Qd5+ Kh8 22. Nh4 Rcf7 23. Qh5 Kg8 24. Nf5 Rd7 25. e5 dxe5 26. fxe5 Nc4 27. Nxg7 Kh8 28. Rh3 Rxg7 29. exf6 Rxg2+ 30. Kh1 Qd3 1-0

[Event "Neskaupstad"]
[Site "Neskaupstad"]
[Date "1984.??.??"]
[Round "?"]
[White "McCambridge, Vincent"]
[Black "Schussler, Harry"]
[Result "1/2-1/2"]
[WhiteElo "2465"]
[BlackElo "2445"]
[PlyCount "73"]
[EventDate "1984.03.??"]
[Source "ChessBase"]

1. d4 Nf6 2. c4 e6 3. Nc3 Bb4 4. e3 c5 5. a3 Bxc3+ 6. bxc3 b6 7. Bd3 Nc6 8. e4 d6 9. Ne2 e5 10. O-O h6 11. f4 Bd7 12. d5 Ne7 13. fxe5 dxe5 14. Ng3 Nc8 15. Nf5 Bxf5 16. Rxf5 Qe7 17. Qa4+ Nd7 18. Bd2 Nd6 19. Rf3 O-O 20. Rg3 Kh7 21. Rf1 Nf6 22. Qd1 Rh8 23. Qf3 Ng8 24. Rh3 g6 25. Bg5 Qf8 26. Qg4 Kg7 27. Bh4 Qc8 28. Qg3 Qe8 29. Qf2 g5 30. Bg3 f6 31. Qe3 h5 32. Be1 Rh6 33. Rhf3 h4 34. Bd2 Qg6 35. a4 a5 36. Qe1 Ra7 37. Qc1 1/2-1/2

[Event "Smederevska Palanka"]
[Site "Smederevska Palanka"]
[Date "1984.??.??"]
[Round "?"]
[White "Cvitan, Ognjen"]
[Black "Horvath, Tamas"]
[Result "1/2-1/2"]
[WhiteElo "2470"]
[BlackElo "2440"]
[PlyCount "87"]
[EventDate "1984.05.??"]
[Source "ChessBase"]

1. d4 Nf6 2. c4 e6 3. Nc3 Bb4 4. e3 c5 5. a3 Bxc3+ 6. bxc3 d6 7. Bd3 Qa5 8. Bd2 Bd7 9. e4 Ba4 10. Qe2 Nc6 11. Nf3 e5 12. O-O Qc7 13. d5 Ne7 14. Nh4 O-O-O 15. f4 exf4 16. Bxf4 Nd7 17. Bg3 Rdf8 18. Qg4 Ng6 19. Nxg6 hxg6 20. Ra2 Kb8 21. Raf2 Ne5 22. Bxe5 dxe5 23. Qxg6 f6 24. Bc2 Be8 25. Qg3 Rh7 26. Qd3 Qd6 27. a4 Bd7 28. h3 Rfh8 29. Bd1 Rh4 30. a5 R8h6 31. Rb2 g6 32. Bf3 f5 33. Rfb1 Bc8 34. Qc2 Kc7 35. Rb5 g5 36. Qf2 g4 37. Rxc5+ Kd8 38. Rxc8+ Kxc8 39. Qxa7 Qc7 40. Qa8+ Qb8 41. Qxb8+ Kxb8 42. Be2 gxh3 43. exf5 hxg2 44. Rb6 1/2-1/2

[Event "DDR Ch 34th"]
[Site "Jueterbog"]
[Date "1985.??.??"]
[Round "8"]
[White "Knaak, Rainer F A"]
[Black "Womacka, Mathias"]
[Result "1/2-1/2"]
[WhiteElo "2530"]
[BlackElo "2375"]
[PlyCount "83"]
[EventDate "1985.02.??"]
[Source "www.chesslib.no"]
[SourceDate "2004.05.04"]

1. d4 Nf6 2. c4 e6 3. Nc3 Bb4 4. e3 c5 5. Bd3 Nc6 6. a3 Bxc3+ 7. bxc3 b6 8. e4 d6 9. Ne2 e5 10. O-O O-O 11. h3 Re8 12. d5 Na5 13. Ng3 Ba6 14. Nf5 Bc8 15. g4 Bxf5 16. gxf5 Kh8 17. Kh2 Ng8 18. Rg1 f6 19. Be3 Re7 20. Rg4 Qd7 21. Rh4 Qe8 22. Qc2 Rd8 23. Rg1 Rc7 24. Qd1 Rdd7 25. Bc1 Re7 26. f4 Rb7 27. fxe5 dxe5 28. Rg6 h6 29. Bc2 Nxc4 30. d6 Red7 31. Bb3 b5 32. Bxc4 bxc4 33. Be3 Rb2+ 34. Kg3 Rb3 35. Qd2 Rxa3 36. Bxh6 Qxg6+ 37. fxg6 gxh6 38. g7+ Kh7 39. Rg4 h5 40. Qf2 Rxc3+ 41. Kh2 Rc2 42. Qxc2 1/2-1/2

[Event "Cappelle op"]
[Site "Cappelle la Grande"]
[Date "1999.02.19"]
[Round "7"]
[White "Miton, Kamil"]
[Black "Marciano, David"]
[Result "1/2-1/2"]
[WhiteElo "2383"]
[BlackElo "2521"]
[PlyCount "28"]
[EventDate "1999.02.??"]
[Source "www.chesslib.no"]
[SourceDate "2004.05.04"]

1. d4 Nf6 2. c4 e6 3. Nc3 Bb4 4. a3 Bxc3+ 5. bxc3 c5 6. e3 Nc6 7. Ne2 d6 8. Ng3 e5 9. d5 Ne7 10. Bd3 Ng6 11. O-O Qe7 12. Qc2 O-O 13. Bd2 Re8 14. f3 b6 1/2-1/2

[Event "St Petersburg-ch"]
[Site "St Petersburg"]
[Date "1997.03.04"]
[Round "1"]
[White "Vladimirov, Boris T"]
[Black "Aseev, Konstantin N"]
[Result "0-1"]
[WhiteElo "2370"]
[BlackElo "2530"]
[PlyCount "114"]
[EventDate "1997.03.04"]
[Source "ChessBase"]

1. d4 Nf6 2. c4 e6 3. Nc3 Bb4 4. e3 c5 5. Bd3 Nc6 6. a3 Bxc3+ 7. bxc3 b6 8. e4 d6 9. Ne2 Nd7 10. Be3 Na5 11. Ng3 O-O 12. O-O Ba6 13. f4 Bxc4 14. f5 cxd4 15. cxd4 Kh8 16. f6 gxf6 17. Bf4 e5 18. Bh6 Rg8 19. d5 Rg6 20. Nf5 Bxd3 21. Qxd3 Nc5 22. Qe3 Nab3 23. Rad1 Qd7 24. h3 Rag8 25. g4 Nd4 26. Kh2 Nxf5 27. exf5 Rg5 28. Rd2 Qa4 29. Rg2 Qe4 30. Bxg5 fxg5 31. Qxe4 Nxe4 32. Rc1 Nc5 33. a4 Kg7 34. Ra2 Kf6 35. Rb1 e4 36. a5 bxa5 37. Rxa5 a6 38. Kg3 Ke5 39. Ra2 Ra8 40. Rab2 a5 41. Rb8 Ra7 42. Re8+ Kxd5 43. f6 a4 44. Rbb8 Ra5 45. Ra8 Rxa8 46. Rxa8 Ke5 47. Re8+ Kxf6 48. Kf2 d5 49. Ke3 Ne6 50. Ra8 Ke5 51. Ra7 d4+ 52. Kf2 Nf4 53. Rxf7 e3+ 54. Kf3 e2 55. Rf5+ Kd6 56. Kf2 d3 57. Rf8 Ke7 0-1

[Event "Jugoslavija"]
[Site "?"]
[Date "1987.??.??"]
[Round "?"]
[White "Deze, A."]
[Black "Rajkovic, D."]
[Result "0-1"]
[WhiteElo "2415"]
[BlackElo "2480"]
[PlyCount "78"]
[EventDate "1987.??.??"]
[Source "ChessBase"]
[SourceDate "1987.07.01"]

1. d4 Nf6 2. c4 e6 3. Nc3 Bb4 4. e3 c5 5. a3 Bxc3+ 6. bxc3 Nc6 7. Bd3 e5 8. Ne2 e4 9. Bb1 O-O 10. Ng3 Re8 11. O-O d5 12. cxd5 Qxd5 13. f3 exf3 14. e4 Qc4 15. Qxf3 cxd4 16. Nh5 Nxh5 17. Ba2 Ne5 18. Qxh5 Bg4 19. Qh4 Qxc3 20. Bf4 Be6 21. Bxe5 Bxa2 22. Bxg7 Qe3+ 23. Kh1 Rxe4 24. Qf6 Rg4 25. Bh6 Qe6 26. Rae1 Qxf6 27. Rxf6 Rg6 28. Rxg6+ hxg6 29. Bg5 d3 30. Re3 f6 31. Bf4 g5 32. Rg3 Bf7 33. Bd2 Rd8 34. Re3 Bg6 35. Kg1 Kf7 36. Kf2 Rc8 37. Ke1 Rc2 38. Rf3 Be4 39. Re3 f5 0-1

[Event "Rome"]
[Site "Rome"]
[Date "1981.??.??"]
[Round "?"]
[White "Toth, Bela"]
[Black "Csom, Istvan"]
[Result "0-1"]
[WhiteElo "2395"]
[BlackElo "2500"]
[PlyCount "80"]
[EventDate "1981.02.??"]
[Source "ChessBase"]

1. d4 Nf6 2. c4 e6 3. Nc3 Bb4 4. e3 c5 5. a3 Bxc3+ 6. bxc3 d6 7. Ne2 Nc6 8. Ng3 e5 9. Be2 O-O 10. O-O Re8 11. d5 Ne7 12. Bd3 Ng6 13. Bxg6 fxg6 14. e4 b6 15. Qd3 Qd7 16. a4 a5 17. h3 h6 18. f4 exf4 19. Bxf4 g5 20. Bd2 Re5 21. Rf2 Qe7 22. Raf1 Bd7 23. Qb1 Rb8 24. Be1 Rb7 25. Kh2 Qd8 26. Qd1 Be8 27. Qc2 Bg6 28. Re2 Rbe7 29. Ref2 Bxe4 30. Nxe4 Rxe4 31. Qb1 Qe8 32. Bd2 Re2 33. Qxb6 Rxf2 34. Rxf2 Ne4 35. Re2 Qxa4 36. Qc6 Qxc4 37. Qc8+ Kh7 38. Qf5+ g6 39. Qf8 Rg7 40. Re1 Nxd2 0-1

[Event "Peer Gynt"]
[Site "Gausdal NOR"]
[Date "1993.??.??"]
[Round "8"]
[White "Bern, Ivar"]
[Black "Csom, Istvan"]
[Result "1-0"]
[WhiteElo "2370"]
[BlackElo "2520"]
[PlyCount "85"]
[EventDate "1993.07.??"]
[Source "www.chesslib.no"]
[SourceDate "2004.05.04"]

1. d4 Nf6 2. c4 e6 3. Nc3 Bb4 4. e3 c5 5. a3 Bxc3+ 6. bxc3 b6 7. Bd3 Nc6 8. Ne2 Na5 9. e4 Ba6 10. e5 Ng8 11. Ng3 f5 12. exf6 Nxf6 13. Nh5 Qe7 14. dxc5 Qxc5 15. Nxf6+ gxf6 16. O-O Bxc4 17. Qf3 Bd5 18. Qxf6 Rg8 19. g3 Qe7 20. Qxe7+ Kxe7 21. Bxh7 Rh8 22. Bg5+ Kf7 23. Bd3 Rag8 24. f4 Rc8 25. f5 e5 26. Rad1 Bb3 27. Be4 Bxd1 28. Rxd1 Rc7 29. Rd6 Ke8 30. f6 Nb7 31. Rd5 d6 32. Rd3 Kd7 33. Bd5 Nd8 34. Rf3 Ke8 35. g4 Nf7 36. Bd2 Rh4 37. h3 Rc5 38. c4 b5 39. Be3 Rxc4 40. g5 Nxg5 41. Bxg5 Rh8 42. f7+ Kf8 43. Bf6 1-0

[Event "US-op"]
[Site "?"]
[Date "1997.??.??"]
[Round "6"]
[White "Gonzales Jayson"]
[Black "Browne Walter S"]
[Result "0-1"]
[WhiteElo "2345"]
[BlackElo "2540"]
[PlyCount "66"]
[EventDate "1997.??.??"]
[Source "www.chesslib.no"]
[SourceDate "2004.05.04"]

1. d4 Nf6 2. c4 e6 3. Nc3 Bb4 4. e3 c5 5. a3 Bxc3+ 6. bxc3 Nc6 7. Bd3 e5 8. d5 e4 9. dxc6 exd3 10. c7 Qxc7 11. Qxd3 b6 12. f3 Ba6 13. e4 d5 14. exd5 O-O-O 15. Qf5+ Qd7 16. Qxd7+ Rxd7 17. Bg5 Ne8 18. Nh3 Bxc4 19. Kf2 Nc7 20. d6 Rxd6 21. Bf4 Rd3 22. Rhe1 Nd5 23. Rac1 Rd8 24. Re4 b5 25. a4 a6 26. axb5 axb5 27. Be3 h5 28. Re6 Rxc3 29. Rd1 Kb8 30. Rd3 Bb3 31. Kg1 Nf4 32. Rf6 Ba4 33. Re6 Rc8 0-1

[Event "Chessfriend.com"]
[Site "?"]
[Date "2003.12.03"]
[Round "1"]
[White "Petzold Gunter"]
[Black "Umansky Mikhail Markovich ("]
[Result "1/2-1/2"]
[WhiteElo "2358"]
[BlackElo "2521"]
[PlyCount "69"]
[EventDate "2003.??.??"]
[Source "www.chesslib.no"]
[SourceDate "2004.05.04"]

1. d4 Nf6 2. c4 e6 3. Nc3 Bb4 4. a3 Bxc3+ 5. bxc3 c5 6. e3 Nc6 7. Bd3 e5 8. Ne2 e4 9. Bb1 O-O 10. Ng3 d5 11. cxd5 Qxd5 12. O-O Bg4 13. Qc2 Rfe8 14. f3 exf3 15. e4 Qd6 16. gxf3 Bh3 17. e5 Nxe5 18. dxe5 Qxe5 19. Rf2 c4 20. Bd2 Rad8 21. Qc1 b5 22. Bc2 a5 23. Bf4 Qc5 24. Ne4 Rxe4 25. Bxe4 Nxe4 26. fxe4 Rd3 27. a4 bxa4 28. Qe1 a3 29. Qe2 h5 30. e5 Bg4 31. Qe1 Be6 32. Rd1 Qd5 33. Rb1 Bd7 34. Qe2 Bg4 35. Qe1 1/2-1/2

[Event "CRO-Cup"]
[Site "Pula CRO"]
[Date "1992.??.??"]
[Round "1"]
[White "Franic, Milan"]
[Black "Palac, Mladen"]
[Result "1/2-1/2"]
[WhiteElo "2375"]
[BlackElo "2500"]
[PlyCount "32"]
[EventDate "1992.??.??"]
[Source "www.chesslib.no"]
[SourceDate "2004.05.04"]

1. d4 d5 2. c4 e6 3. Nc3 Bb4 4. e3 Nf6 5. a3 Bxc3+ 6. bxc3 c5 7. cxd5 Qxd5 8. Nf3 O-O 9. Bd3 b6 10. Qe2 Bb7 11. O-O Nbd7 12. Bb2 Rac8 13. Rfd1 c4 14. Bc2 Qc6 15. Ne1 Rfd8 16. f3 e5 1/2-1/2

[Event "CADAP"]
[Site "?"]
[Date "2001.03.31"]
[Round "?"]
[White "Ramirez Abraham Raul (ARG)"]
[Black "Hall Richard V.M.(ENG)"]
[Result "0-1"]
[WhiteElo "2331"]
[BlackElo "2540"]
[PlyCount "48"]
[EventDate "2001.??.??"]
[Source "www.chesslib.no"]
[SourceDate "2004.05.04"]

1. d4 Nf6 2. c4 e6 3. Nc3 Bb4 4. a3 Bxc3+ 5. bxc3 c5 6. e3 Nc6 7. Nf3 d6 8. Bd3 e5 9. Bc2 O-O 10. O-O Bg4 11. h3 Bh5 12. g4 Bg6 13. Bxg6 fxg6 14. Ng5 Qd7 15. d5 Nd8 16. f4 e4 17. f5 gxf5 18. gxf5 Nf7 19. Ne6 Rfe8 20. Ra2 Ne5 21. Rg2 Re7 22. Kh1 Kh8 23. Qe1 Qa4 24. Rfg1 Qxc4 0-1

[Event "Rome"]
[Site "Rome"]
[Date "1980.??.??"]
[Round "5"]
[White "Toth, Bela"]
[Black "Tatai, Stefano"]
[Result "0-1"]
[WhiteElo "2390"]
[BlackElo "2480"]
[PlyCount "58"]
[EventDate "1980.02.??"]
[Source "ChessBase"]

1. d4 Nf6 2. c4 e6 3. Nc3 Bb4 4. a3 Bxc3+ 5. bxc3 c5 6. e3 Nc6 7. Bd3 e5 8. dxc5 e4 9. Bc2 b6 10. cxb6 axb6 11. a4 Ba6 12. Ba3 Bxc4 13. Ne2 d5 14. O-O Ng4 15. Nd4 Nxd4 16. cxd4 f5 17. h3 Bxf1 18. hxg4 Bc4 19. gxf5 Kf7 20. Bb3 Bxb3 21. Qxb3 Qd7 22. Qxb6 Rhb8 23. Qd6 Qxf5 24. Rc1 Kg8 25. a5 Rf8 26. Qg3 Rf6 27. Rc5 h5 28. Rb5 Kh7 29. Qf4 Qd7 0-1

[Event "Settimana degli scacchi - Open A"]
[Site "Winterthur SVI"]
[Date "2008.10.04"]
[Round "2"]
[White "Berczes, David"]
[Black "Jurek, Josef"]
[Result "1-0"]
[WhiteElo "2514"]
[BlackElo "2354"]
[PlyCount "107"]
[EventDate "2008.10.03"]
[Source "www.chesslib.no"]
[SourceDate "2004.05.04"]

1. d4 Nf6 2. c4 e6 3. Nc3 Bb4 4. e3 c5 5. a3 Bxc3+ 6. bxc3 Nc6 7. Bd3 e5 8. Ne2 O-O 9. O-O Re8 10. f3 cxd4 11. cxd4 d5 12. cxd5 Nxd5 13. dxe5 Nxe5 14. Bb5 Nc6 15. Rb1 Qg5 16. h4 Qh5 17. e4 Nb6 18. Bg5 f6 19. Be3 Qxh4 20. a4 Be6 21. g3 Qh3 22. Rc1 Bf7 23. Qe1 Nc8 24. Bxc6 bxc6 25. g4 Nd6 26. Nf4 Qh6 27. Qb4 Rad8 28. Rf2 Qh4 29. Kg2 Nxe4 30. fxe4 Qxg4+ 31. Kh2 f5 32. Rg1 Qh4+ 33. Nh3 Rxe4 34. Qc3 Rg4 35. Bg5 Rxg5 36. Rxg5 g6 37. Qf6 Rd4 38. Rb2 Rb4 39. Rd2 Qe4 40. Rgg2 Rb3 41. Qxf7+ Kxf7 42. Ng5+ Kf6 43. Nxe4+ fxe4 44. Rd6+ Kf5 45. Rxc6 e3 46. Rc7 Rb4 47. Rxa7 Re4 48. Re2 Kg4 49. Kg2 h5 50. a5 h4 51. Rf7 Ra4 52. Kh2 Kg5 53. Rg2+ Kh6 54. Rf6 1-0

[Event "SCO-ch100"]
[Site "Scotland"]
[Date "1993.??.??"]
[Round "?"]
[White "MacKay, Ian D"]
[Black "Motwani, Paul"]
[Result "0-1"]
[WhiteElo "2340"]
[BlackElo "2520"]
[PlyCount "146"]
[EventDate "1993.??.??"]
[Source "www.chesslib.no"]
[SourceDate "2004.05.04"]

1. d4 Nf6 2. c4 e6 3. Nc3 Bb4 4. e3 c5 5. a3 Bxc3+ 6. bxc3 b6 7. Bd3 Nc6 8. Nf3 d6 9. e4 cxd4 10. Nxd4 Ne5 11. f3 Ba6 12. Be2 O-O 13. Qa4 Bxc4 14. Bxc4 Qc8 15. Nc6 Qxc6 16. Qxc6 Nxc6 17. Ba6 Na5 18. Bf4 d5 19. Bd6 Rfd8 20. Be7 Rd7 21. Bxf6 gxf6 22. O-O-O Rad8 23. exd5 Rxd5 24. c4 Nxc4 25. Bxc4 Rxd1+ 26. Rxd1 Rc8 27. Rd4 b5 28. Kb2 Rxc4 29. Rxc4 bxc4 30. Kc3 f5 31. Kxc4 e5 32. Kd5 f6 33. h3 Kf7 34. g4 fxg4 35. hxg4 Kg6 36. a4 h5 37. gxh5+ Kxh5 38. a5 Kg5 39. Kc6 Kf4 40. Kb7 Kxf3 41. Kxa7 e4 42. Kb6 e3 43. a6 e2 44. a7 e1=Q 45. a8=Q+ Qe4 46. Qh8 f5 47. Qh5+ Ke3 48. Qh6+ f4 49. Kc7 Kd3 50. Qd6+ Qd4 51. Qg6+ Kc3 52. Qf5 Kd2 53. Kb8 Qb4+ 54. Kc8 Qc3+ 55. Kb8 f3 56. Qf4+ Ke1 57. Qe4+ Kf1 58. Qb1+ Qe1 59. Qd3+ Kg2 60. Qd5 Qg3+ 61. Ka8 Kh2 62. Qh5+ Kg1 63. Qc5+ f2 64. Ka7 Qg7+ 65. Ka8 Qg8+ 66. Ka7 Qf7+ 67. Kb8 Kh1 68. Qc6+ Kh2 69. Qh6+ Kg2 70. Qc6+ Qf3 71. Qc2 Kg1 72. Qg6+ Qg2 73. Qb6 Kh1 0-1

[Event "US-op"]
[Site "Las Vegas"]
[Date "1997.??.??"]
[Round "6"]
[White "Gonzales, J."]
[Black "Browne, Walter S"]
[Result "0-1"]
[WhiteElo "2245"]
[BlackElo "2600"]
[PlyCount "66"]
[EventDate "1997.04.??"]
[Source "ChessBase"]
[SourceDate "1997.07.29"]

1. d4 Nf6 2. c4 e6 3. Nc3 Bb4 4. e3 c5 5. a3 Bxc3+ 6. bxc3 Nc6 7. Bd3 e5 8. d5 e4 9. dxc6 exd3 10. c7 Qxc7 11. Qxd3 b6 12. f3 Ba6 13. e4 d5 14. exd5 O-O-O 15. Qf5+ Qd7 16. Qxd7+ Rxd7 17. Bg5 Ne8 18. Nh3 Bxc4 19. Kf2 Nc7 20. d6 Rxd6 21. Bf4 Rd3 22. Rhe1 Nd5 23. Rac1 Rd8 24. Re4 b5 25. a4 a6 26. axb5 axb5 27. Be3 Nxc3 28. Re5 Nd1+ 29. Rxd1 Rxd1 30. Rxc5+ Kd7 31. Ng5 Rd5 32. Nxf7 Rxc5 33. Nxd8 Rc7 0-1

[Event "Tortosa Open"]
[Site "Tortosa"]
[Date "1992.??.??"]
[Round "4"]
[White "Markotic, Gordan"]
[Black "Kolev, Atanas"]
[Result "0-1"]
[WhiteElo "2400"]
[BlackElo "2445"]
[PlyCount "38"]
[EventDate "1992.??.??"]
[Source "www.chesslib.no"]
[SourceDate "2004.05.04"]

1. d4 Nf6 2. c4 e6 3. Nc3 Bb4 4. e3 c5 5. a3 Bxc3+ 6. bxc3 b6 7. Ne2 Bb7 8. Ng3 Qc7 9. Bd3 h5 10. f3 Nc6 11. dxc5 Ne5 12. cxb6 axb6 13. e4 Ba6 14. Nf1 d5 15. exd5 Nxd5 16. Ne3 O-O-O 17. Nxd5 Rxd5 18. cxd5 Qxc3+ 19. Ke2 Nxd3 0-1

[Event "IND-ch"]
[Site "IND"]
[Date "1994.??.??"]
[Round "9"]
[White "Gokhale, Jayant Suresh"]
[Black "Prasad, Devaki V"]
[Result "1/2-1/2"]
[WhiteElo "2395"]
[BlackElo "2445"]
[PlyCount "51"]
[EventDate "1994.??.??"]
[Source "ChessBase"]

1. d4 Nf6 2. c4 e6 3. Nc3 Bb4 4. e3 c5 5. a3 Bxc3+ 6. bxc3 d6 7. Bd3 e5 8. e4 h6 9. Ne2 Nc6 10. O-O b6 11. f4 Qe7 12. d5 Na5 13. Ng3 Kd8 14. Rb1 Rf8 15. h3 Ne8 16. Qe2 f6 17. Be3 Bd7 18. f5 Bc8 19. Rf2 Ba6 20. Qa2 Qd7 21. a4 Rb8 22. Nf1 Rb7 23. Nd2 Kc7 24. Nf3 Kb8 25. Ra1 Ka8 26. Qe2 1/2-1/2

[Event "Bohemians"]
[Site "Prague CZE"]
[Date "1987.??.??"]
[Round "?"]
[White "Vokac, Marek"]
[Black "Robatsch, Karl"]
[Result "1/2-1/2"]
[WhiteElo "2430"]
[BlackElo "2400"]
[PlyCount "82"]
[EventDate "1987.01.??"]
[Source "www.chesslib.no"]
[SourceDate "2004.05.04"]

1. d4 Nf6 2. c4 e6 3. Nc3 Bb4 4. e3 c5 5. a3 Bxc3+ 6. bxc3 Ne4 7. Bd3 f5 8. Ne2 b6 9. f3 Nd6 10. O-O O-O 11. e4 fxe4 12. fxe4 Rxf1+ 13. Qxf1 Ba6 14. Ng3 Nc6 15. e5 Nf7 16. Bxh7+ Kxh7 17. Qxf7 Qe8 18. Qf4 cxd4 19. cxd4 Bxc4 20. Be3 Qg6 21. h4 Kg8 22. h5 Qh7 23. Qg4 Bd3 24. Rc1 Rf8 25. Rxc6 Bf5 26. Nxf5 exf5 27. Qf3 dxc6 28. Bf4 g6 29. Qxc6 Qxh5 30. Qc4+ Kh7 31. e6 g5 32. Be5 Kg6 33. e7 Qd1+ 34. Kf2 Qd2+ 35. Kf1 Qd1+ 36. Kf2 Qd2+ 37. Kg3 Qe1+ 38. Kh2 Qh4+ 39. Kg1 Qe1+ 40. Kh2 Qh4+ 41. Kg1 Qe1+ 1/2-1/2

[Event "7th Amplico AIG Life"]
[Site "Warsaw POL"]
[Date "2007.12.15"]
[Round "3"]
[White "Ganaus, H."]
[Black "Moranda, W."]
[Result "0-1"]
[WhiteElo "2294"]
[BlackElo "2533"]
[PlyCount "90"]
[EventDate "2007.12.15"]
[Source "www.chesslib.no"]
[SourceDate "2004.05.04"]

1. d4 Nf6 2. c4 e6 3. Nc3 Bb4 4. e3 c5 5. a3 Bxc3+ 6. bxc3 b6 7. Bd3 Bb7 8. Ne2 d6 9. O-O Nbd7 10. Ng3 h5 11. f3 h4 12. Nh1 e5 13. Nf2 Qe7 14. d5 Kd8 15. a4 a5 16. Rb1 Kc7 17. e4 Nh5 18. Re1 g6 19. Qc2 Ba6 20. Nh3 f6 21. Be3 Rab8 22. Bf2 Nf4 23. Be3 Nxh3+ 24. gxh3 g5 25. Rb2 Kb7 26. Reb1 Ka7 27. Kh1 Nf8 28. Rb3 Ng6 29. Qb2 Qc7 30. Bf1 Bc8 31. Rb5 Bd7 32. Qa3 Rb7 33. R5b2 Rhb8 34. Qb3 Qc8 35. Qd1 Bxh3 36. Bxh3 Qxh3 37. Qf1 Qd7 38. Rb5 Rg8 39. R1b2 Ne7 40. Qf2 f5 41. Bxc5 dxc5 42. Rxb6 Rxb6 43. Qxc5 Qd6 44. Qxd6 Rxd6 45. c5 Ra6 0-1

[Event "Rubinstein mem"]
[Site "Polanica Zdroj"]
[Date "1972.??.??"]
[Round "14"]
[White "Pytel, Krzysztof"]
[Black "Haag, Ervin"]
[Result "1/2-1/2"]
[WhiteElo "2380"]
[BlackElo "2440"]
[PlyCount "82"]
[EventDate "1972.08.??"]
[Source "ChessBase"]

1. d4 Nf6 2. c4 e6 3. Nc3 Bb4 4. e3 d5 5. a3 Bxc3+ 6. bxc3 c5 7. cxd5 Qxd5 8. Nf3 Nc6 9. Bd3 cxd4 10. cxd4 O-O 11. Rb1 Qa5+ 12. Qd2 b6 13. Qxa5 Nxa5 14. Ne5 Bb7 15. f3 Rfd8 16. Bd2 Nc6 17. Nxc6 Bxc6 18. Ke2 Rac8 19. Rhc1 Ne8 20. Rb4 Bd7 21. Rxc8 Rxc8 22. e4 f6 23. Be1 Kf7 24. Kd2 Nd6 25. Bg3 Ke7 26. Ba6 Rd8 27. Ke3 Bc8 28. Bd3 Bd7 29. e5 Nf5+ 30. Bxf5 exf5 31. d5 g5 32. exf6+ Kxf6 33. Bc7 Re8+ 34. Kd2 f4 35. Re4 Kf5 36. Rxe8 Bxe8 37. Bb8 a6 38. Bc7 Bb5 39. Ke1 Bc4 40. d6 Ke6 41. Bxb6 Kxd6 1/2-1/2

[Event "Mind Sports Games - Rapid Pair"]
[Site "Pechino CINA"]
[Date "2008.10.10"]
[Round "4"]
[White "Peng Zhaoqin"]
[Black "Medvegy, N."]
[Result "1/2-1/2"]
[WhiteElo "2455"]
[BlackElo "2355"]
[PlyCount "73"]
[EventDate "2008.10.09"]
[Source "www.chesslib.no"]
[SourceDate "2004.05.04"]

1. d4 Nf6 2. c4 e6 3. Nc3 Bb4 4. e3 c5 5. a3 Bxc3+ 6. bxc3 b6 7. Bd3 Nc6 8. Ne2 d6 9. e4 e5 10. O-O O-O 11. f4 cxd4 12. cxd4 exd4 13. h3 Re8 14. Qc2 Bb7 15. Bb2 Rc8 16. Rae1 b5 17. cxb5 Nb4 18. Qb1 Nxd3 19. Qxd3 Bxe4 20. Qxd4 Qb6 21. Ng3 Bd3 22. Rxe8+ Nxe8 23. Rf2 Qxd4 24. Bxd4 Bxb5 25. Nf5 Rc1+ 26. Kh2 a6 27. Rd2 f6 28. Bb2 Rb1 29. Bc3 Rc1 30. Bb4 Bc6 31. h4 Kf7 32. Nxd6+ Nxd6 33. Bxd6 Be4 34. Bb4 Rc2 35. Rd7+ Kg6 36. Rd2 Rxd2 37. Bxd2 1/2-1/2